000 00369nam a22001337a 4500
027 _qHB.
040 _cFIZZA ISHAQ
082 _a808.5
_bSPE
100 _aSpence , Gerry.
_9133745
245 _aHow to Argue and Win Every Time /
_c Gerry Spence.
260 _aNew York:
_bSt. Martin's Press,
_c1995.
300 _a307 p. ;
_c9.53 x 6.54 x 1.06 inches
942 _2ddc
_cBK
999 _c616703
_d616703